Logo BPK

Biblioteka

Politechniki Koszalińskiej

Joni / (Rekord nr 48641)

Szczegóły MARC
000 -ETYKIETA REKORDU
podpole kontrolne o stałej długości 00571nam a2200205 i 4500
001 - NUMER KONTROLNY REKORDU
pole kontrolne bgj
020 ## - MIĘDZYNARODOWY ZNORMALIZOWANY NUMER KSIĄŻKI - ISBN
ISBN 0310239613
040 ## - ŹRÓDŁO KATALOGOWANIA
Instytucja, która utworzyła rekord BPK
041 0# - KOD JĘZYKA
Kod języka tekstu eng
920 ## - Międzynarodowy znormalizowany numer książki – ISBN
ISBN 0-310-23961-3
008 - POLE O STAŁEJ DŁUGOŚCI - DANE KONTROLNE
podpole kontrolne o stałej długości s uk f |000 0 eng
100 1# - NAZWA OSOBOWA
Nazwa osobowa EARECKSON, Joni
245 10 - TYTUŁ/ODPOWIEDZIALNOŚĆ
Tytuł Joni /
Pozostałe elementy strefy tytułu i oznaczenia odpowiedzialności by Joni Eareckson with Joe Musser.
260 ## - STREFA ADRESU WYDAWNICZEGO
Miejsce wydania Grand Rapids :
Nazwa wydawcy/dystrybutora Zondervan Publishing House,
Data publikacji, dystrybucji/powstania dokumentu c. 1976.
300 ## - STREFA OPISU FIZYCZNEGO
Objętość 208 pp, [8] leaves of plates :
Inne cechy fizyczne ill. ;
Rozmiary 21 cm.
650 #9 - HASŁO PRZEDMIOTOWE W FORMIE NAZWY OGÓLNEJ LUB JEDNOSTKOWEJ
Nazwa ogólna lub geograficzna Tetraplegia
655 ## - TERMIN INDEKSOWY - OKREŚLENIE RODZAJU/FORMY DOKUMENTU
Określenie rodzaju/formy dokumentu Personal narratives
700 1# - HASŁO DODATKOWE - NAZWA OSOBOWA
Nazwa osobowa MUSSER, Joe.
Określenie związku między hasłem a opisywanym materiałem joint author
856 ## - LOKALIZACJA I DOSTĘP DO ELEKTRONICZNYCH DOKUMENTÓW ZDALNYCH
Link (URL) http://koha.tu.koszalin.pl/cgi-bin/koha/opac-detail.pl?biblionumber=48641
Tekst linku Katalog online BPK
942 ## - DODATKOWE ELEMENTY (KOHA)
Typ dokumentu Książka
Egzemplarze
Wycofany Status egzemplarza Uszkodzony Dostępność Lokalizacja stała Lokalizacja bieżąca Miejsce przechowywania Sygnatura Kod kreskowy Typ dokumentu
      Dostępny Biblioteka Politechniki Koszalińskiej Biblioteka Politechniki Koszalińskiej Wypożyczalnia Językowa KA 5941 09052833 Książka
© 2023 Biblioteka Politechniki Koszalińskiej :: KOHA